Normal view
MARC view
- الاحصاء التجريبي - الاحصاء الرياضي - الاحصاء
Entry Topical Term
001 - CONTROL NUMBER
- control field: 33493
003 - CONTROL NUMBER IDENTIFIER
- control field: JO-AjAnu
005 - DATE AND TIME OF LATEST TRANSACTION
- control field: 20230606075623.0
008 - FIXED-LENGTH DATA ELEMENTS
- fixed length control field: 230606|| aca||aabn | a|a d
040 ## - CATALOGING SOURCE
- Original cataloging agency: JO-AjAnu
- Transcribing agency: JO-AjAnu
150 ## - HEADING--TOPICAL TERM
- Topical term or geographic name entry element: الاحصاء التجريبي - الاحصاء الرياضي - الاحصاء
670 ## - SOURCE DATA FOUND
- Source citation: Work cat.: (JO-AjAnu)17207: تاليف النعيمي، محمد عبد العال، م.مشارك حسن ياسين طعمة, author 33492, الاحصاء التطبيقي = Applied Statistics